000 00647cam a22002413a 4500
001 29548
003 PGUSA
005 20140828083635.0
008 090730s2009||||xxu|||||s|||||000 1 eng d
040 _aPGUSA
_beng
042 _adc
050 4 _aPS
100 1 _aSheckley, Robert,
_d1928-2005
245 1 0 _aWarrior Race
_h[electronic resource] /
_cRobert Sheckley
260 _bProject Gutenberg,
_c2009
506 _aPublic domain in the USA.
516 _aElectronic text
653 _aShort stories
653 _aScience fiction
830 0 _aProject Gutenberg
_v29548
856 4 0 _uhttp://www.gutenberg.org/ebooks/29548
942 _cEB
999 _c258803
_d258803